000 00516ntaaa2200193 4500
003 01
005 20251027203045.0
008 0714s1973 ag 01
040 _aAR-BaBN
_bspa
_cAR-BaBN
_eaacr
_dRIC
082 _a982.0740 T27c
100 _aTerragno, Rodolfo H
_931720
245 _aLos 400 días de Perón
250 _a1 ed.
260 _aBuenos Aires :
_bEd. de la Flor,
_c1974
300 _a211 p. ;
_c19 cm
650 _aPerón, Juan Domingo, 1895-1974
_931721
650 _aArgentina--Historia
942 _cBK
999 _c25917
_d25917